[Event "GER-ch Net Amateur Gr-B Vor3"]
[Site "Playchess.com INT"]
[Date "2020.04.16"]
[Round "1"]
[White "Mantu, Eugen"]
[Black "Fuhrmann, Bahne"]
[Result "0-1"]
[WhiteElo "1571"]
[BlackElo "1729"]
[PlyCount "104"]
[EventDate "2020.04.16"]
[EventType "swiss (blitz)"]
[EventRounds "9"]
[EventCountry "GER"]
[SourceTitle "CBM 195 Extra"]
[Source "ChessBase"]
[SourceDate "2020.05.31"]
[SourceVersion "1"]
[SourceVersionDate "2020.05.31"]
[SourceQuality "1"]

1. d4 Nf6 2. Bf4 d6 3. Nc3 g6 4. Qd2 Bg7 5. Bh6 0-0 6. Bxg7 Kxg7 7. f3 c5 8. d5 e6 9. 0-0-0 e5 10. e4 a6 11. g4 b5 12. h4 b4 13. Na4 Qa5 14. b3 h5 15. g5 Nh7 16. Kb1 Bd7 17. Nb2 Qc7 18. f4 a5 19. fxe5 dxe5 20. Nf3 Re8 21. Nc4 Bg4 22. Be2 Bxf3 23. Bxf3 a4 24. d6 Qa7 25. Qd5 axb3 26. a3 bxc2+ 27. Kxc2 bxa3 28. Nxe5 a2 29. Ra1 Qa4+ 30. Qb3 Qxb3+ 31. Kxb3 Rxe5 32. Rxa2 Rxa2 33. Kxa2 Nd7 34. Rd1 Nhf8 35. Kb3 Ne6 36. Kc4 Nd4 37. Bg2 Nb6+ 38. Kd3 Re6 39. e5 Rxe5 40. Bh3 c4+ 41. Kxd4 Rd5+ 42. Kc3 Rxd1 43. Kb4 Rxd6 44. Kc5 Rd3 45. Bf1 Rd1 46. Be2 Rd2 47. Bf1 Rf2 48. Bh3 Rf3 49. Bg2 Rf5+ 50. Kxb6 c3 51. Kc6 c2 52. Be4 c1Q+ 0-1

[Event "GER-ch Net Amateur Gr-B Vor1"]
[Site "Playchess.com INT"]
[Date "2020.04.14"]
[Round "9"]
[White "Mantu, Eugen"]
[Black "Schulz, Bernd"]
[Result "0-1"]
[WhiteElo "1776"]
[BlackElo "1680"]
[PlyCount "130"]
[EventDate "2020.04.14"]
[EventType "swiss (blitz)"]
[EventRounds "9"]
[EventCountry "GER"]
[SourceTitle "EXT 2021"]
[Source "ChessBase"]
[SourceDate "2020.10.23"]
[SourceVersion "1"]
[SourceVersionDate "2020.10.23"]
[SourceQuality "1"]

1. d4 d5 2. Bf4 Bf5 3. Nc3 e6 4. a3 Nf6 5. e3 Bd6 6. Bg5 0-0 7. Bd3 Bg6 8. Nf3 Be7 9. Ne5 Nbd7 10. Nxg6 hxg6 11. Qe2 c6 12. 0-0-0 b5 13. Na2 a5 14. h4 a4 15. g4 Ne4 16. Bxe7 Qxe7 17. Bxe4 dxe4 18. h5 g5 19. h6 g6 20. Nc3 b4 21. Nxe4 bxa3 22. bxa3 Qxa3+ 23. Kd2 Qb4+ 24. c3 Qb2+ 25. Ke1 Qxe2+ 26. Kxe2 f6 27. Ra1 Kf7 28. Ra3 Rfd8 29. Rha1 Nb6 30. Nc5 Nd5 31. c4 Nb6 32. Kd3 e5 33. Nxa4 Nxa4 34. Rxa4 Rxa4 35. Rxa4 Rd7 36. Ra6 Rc7 37. Ke4 exd4 38. exd4 Kg8 39. d5 Re7+ 40. Kd4 cxd5 41. Kxd5 Kh7 42. Kd6 Re2 43. c5 Rxf2 44. c6 Rd2+ 45. Kc7 f5 46. gxf5 gxf5 47. Kb7 Rc2 48. c7 g4 49. c8Q Rxc8 50. Kxc8 g3 51. Ra3 f4 52. Rf3 g2 53. Rxf4 g1Q 54. Rc4 Kxh6 55. Rc6+ Kg7 56. Rc7+ Kf8 57. Kd7 Qd4+ 58. Kc6 Ke8 59. Rc8+ Ke7 60. Rc7+ Ke6 61. Kb7 Qd5+ 62. Rc6+ Kd7 63. Kb6 Qxc6+ 64. Ka7 Qb5 65. Ka8 Kc7 0-1